000 00820nam a2200253Ia 4500
003 OSt
005 20221005092706.0
006 a|||||r|||| 00| 0
007 ta
008 221004b |||||||| |||| 00| 0 eng d
020 _a9781416562252 (hbk)
_c995
024 _a102708
037 _b148, 20/02/2010, Standard Book House
_cTextual
040 _aCRL
_cCRL
_beng
041 _2eng
_aeng
082 _aV467:1973(zM).P1, P8
100 _aGalbraith Peter W.
_9617653
245 0 _aUnintended consequences
_b How war in Iraq strengthhened America's enemies
260 _aNew York
_bSimon & Schuster U.S.A
_c2008
300 _a203p.
_ccm.
650 _aHISTORY
942 _hV467:1973(zM).P1, P8
_cTEXL
_2cc
999 _c999232
_d999232